| 000 | 01273nam0a22002771 4500 | ||
|---|---|---|---|
| 001 | rc\1179224 | ||
| 005 | 20041129085642.6 | ||
| 021 |
_aRU _bКН-П-19-094876 _9КН-П-19-6953 |
||
| 035 | _a(NLR Aleph) 006421506 | ||
| 090 |
_a5453348 _c5453348 |
||
| 100 | _a20041129d1980 u y0rusy50 ca | ||
| 101 | 0 | _arus | |
| 102 | _aRU | ||
| 105 | _ay ||||||||| | ||
| 200 | 1 |
_aБезопасность движения поездов на железнодорожном транспорте в СССР и за рубежом _eУказ. лит. [1974-1979 гг. _fСост. А.Н. Кезер] |
|
| 210 |
_aМ. _cЦНИИТЭИ МПС СССР _d1980 |
||
| 215 |
_a93 с. _d19 |
||
| 300 | _aСост. указан на 2-й с. обл. | ||
| 300 | _aВ надзаг.: М-во путей сообщ. СССР, ЦНИИ информ., техн.-экон. исслед. и пропаганды ж.-д. трансп., Центр. науч.-техн. б-ка | ||
| 700 | 1 |
_aКезер _bА.Н. _gАгнесса Николаевна |
|
| 712 | 0 | 2 |
_aЦентральная науч.-техн. б-ка М-ва путей сообщения СССР _3RU\NLR\AUTH\889950481 |
| 801 | 0 |
_aRU _bNLR _gpsbo |
|
| 801 | 1 |
_aRU _bELAR _2rusmarc |
|
| 852 |
_aNLR _bС _jК-1/163 |
||
| 942 | _cBOOK | ||
| 980 | _aNB | ||